OUTCOME BASED STRATEGIC PERFORMENCE MANAGEMENT SYSTEM WITH STAKEHOLDERS PERSPECTIVE (Record no. 57106)
[ view plain ]
| 000 -LEADER | |
|---|---|
| fixed length control field | 00422nam a22001457a 4500 |
| 003 - CONTROL NUMBER IDENTIFIER | |
| control field | OSt |
| 005 - DATE AND TIME OF LATEST TRANSACTION | |
| control field | 20230822100625.0 |
| 008 - FIXED-LENGTH DATA ELEMENTS--GENERAL INFORMATION | |
| fixed length control field | 230822b |||||||| |||| 00| 0 eng d |
| 040 ## - CATALOGING SOURCE | |
| Transcribing agency | IIMT UNIVERSITY |
| 100 ## - MAIN ENTRY--PERSONAL NAME | |
| Personal name | CHAUDHARY, SHASHANK |
| 245 ## - TITLE STATEMENT | |
| Title | OUTCOME BASED STRATEGIC PERFORMENCE MANAGEMENT SYSTEM WITH STAKEHOLDERS PERSPECTIVE |
| 260 ## - PUBLICATION, DISTRIBUTION, ETC. | |
| Place of publication, distribution, etc. | NEW DEHLI |
| Name of publisher, distributor, etc. | UNIVESAL ACADEMIC BOOKS |
| Date of publication, distribution, etc. | 2023 |
| 300 ## - PHYSICAL DESCRIPTION | |
| Extent | 199 |
| 942 ## - ADDED ENTRY ELEMENTS (KOHA) | |
| Source of classification or shelving scheme | |
| Koha item type | NCERT BOOKS |
| Withdrawn status | Lost status | Source of classification or shelving scheme | Damaged status | Not for loan | Home library | Current library | Date acquired | Source of acquisition | Cost, normal purchase price | Inventory number | Barcode | Date last seen | Price effective from | Koha item type |
|---|---|---|---|---|---|---|---|---|---|---|---|---|---|---|
| IIMT University Central Library Meerut | IIMT University Central Library Meerut | 08/22/2023 | Chairman sir | 1295.00 | 000 | 28-S-3468 | 08/22/2023 | 08/22/2023 | NCERT BOOKS |

